Occurrence of induced 6-thioguanine-resistant colonies in synchronized V79 cells after treatment with ftorafur. Effects of the S9 fraction

Bibliographic Details
Main Authors: Slameňová, Darina, 1939- (Author), Dušinská, Mária (Author), Nádaská, M. (Author)
Format: Article
Language:Slovak
English
PhysicalDescription:Obr. 4. Tb. 1., lit. 24 zázn. v slov., angl.
Subjects:

MARC

LEADER 00000nab a2200000 a 4500
001 vtls000189876
003 SK-MaSNL
005 20260304062751.0
008 250422c1984 xo 0 slo
015 |a SNBRB19rr/mm-uuuuu 
035 |a CL0199989 
035 |a urn:nbn:sk:snk-ab709x 
035 |a (uuid)d54cf3a7-9b48-45d9-bfb7-1df7a86ac85d 
035 |a (urnnbn)urn:nbn:sk:snk:ar-a06eve 
035 |a (sysno)vtls000189876 
040 |a SNKBUCL  |b slo  |c SNKBUCL  |e AACR2 
041 0 |a eng 
044 |a xo  |c SK 
080 |a 615.277  |2 1981 
100 1 |a Slameňová, Darina,  |d 1939-  |4 aut  |9 39868 
245 1 0 |a Occurrence of induced 6-thioguanine-resistant colonies in synchronized V79 cells after treatment with ftorafur. Effects of the S9 fraction  |c D. Slameňová, M. Dušinská, M. Nádaská 
300 |b Obr. 4. Tb. 1., lit. 24 zázn. v slov., angl. 
650 0 7 |a Ftorafur  |2 snkbucl  |9 1348540 
655 7 |a články z novín a časopisov  |2 snkbucl  |9 267496 
700 1 |a Dušinská, Mária  |4 aut  |9 789404 
700 1 |a Nádaská, M.  |4 aut  |9 846270 
773 0 |t Neoplasma  |g Roč. 31, č. 3 (1984), s. 339-346 
850 |a Slovenská národná knižnica 
852 |a Slovenská národná knižnica 
958 |a article27 
958 |a RK 
958 |a MI 
958 |a NB 
958 |a OND 
958 |a EUIPO 
992 |a RBX 
999 |c 2739421  |d 2741351